Agroquímica tomo II

Bibliographic Details
Main Author: B.A, Yagodin
Format: Section = Libro
Language:Undetermined
Spanish
Published: México Mir Moscú 1986
Subjects:
LEADER 00496nam a2200181Ia 4500
008 240830s9999 xx 000 0 und d
040 |a B-ESTELÍ- RUACS / 630.92 Y12 
041 |a spa 
082 |a 630.92 Y12 
100 1 |a B.A, Yagodin 
245 1 0 |a Agroquímica tomo II 
260 |a México  |b Mir Moscú  |c 1986 
300 |a 102p:il 
650 7 |a CONTROL DE CALIDAD DE PRODUCTOS AGROPECUARIOS 
650 7 |b  PRODUCTOS AGRÍCOLAS-CONTROL DE CALIDAD 
942 |c BK  |2 ddc 
991 |a TEXTO 
999 |c 11311